Municipalities in Norfolk County, MA - Statistics

General Stats
  • This quiz has been taken 240 times
  • The average score is 19 of 28
Answers on the Map
Answers color-coded by a green-red scale on the quiz's map according to % correct below.
 
Answer Stats
Population City/Town % Correct
101,636 Quincy
92%
63,191 Brookline
84%
18,618 Foxborough
84%
39,143 Braintree
76%
32,091 Needham
76%
25,364 Dedham
74%
33,261 Franklin
70%
12,799 Medfield
70%
28,630 Milton
68%
31,611 Norwood
68%
29,550 Wellesley
68%
11,662 Norfolk
66%
57,437 Weymouth
66%
12,178 Wrentham
66%
5,923 Dover
64%
13,115 Medway
64%
18,575 Sharon
64%
24,370 Canton
62%
8,381 Cohasset
62%
8,460 Millis
62%
26,383 Walpole
62%
16,266 Westwood
62%
16,945 Bellingham
60%
9,945 Plainville
56%
29,281 Stoughton
56%
4,777 Avon
54%
34,984 Randolph
52%
11,405 Holbrook
46%
No matching quizzes found
Score Distribution
Percent of People with Each Score
Percentile by Number Answered
Your Score History
You have not taken this quiz